[Event "2. Torneio Ideal Max Euwe"]
[Site "Sao Paulo BRA"]
[Date "2008.08.29"]
[Round "8.2"]
[White "Lujan, Carolina"]
[Black "Zhao, Zong Yuan"]
[Result "0-1"]
[WhiteElo "2361"]
[BlackElo "2561"]
[PlyCount "98"]
[EventDate "2008.08.22"]
[EventType "tourn"]
[EventRounds "9"]
[EventCountry "BRA"]
[EventCategory "9"]
[Source "lmi"]
[SourceDate "2008.08.22"]

1. e4 e5 2. Nf3 Nc6 3. d4 exd4 4. Nxd4 Bb4+ 5. c3 Bc5 6. Nxc6 bxc6 7. Bd3 Qh4
8. Qf3 Ne7 9. Qg3 Qxg3 10. hxg3 a5 11. Nd2 d6 12. Nf3 Bb6 13. Nd4 a4 14. Bg5 f6
15. Be3 c5 16. Nc2 Be6 17. Kd2 O-O 18. Na3 h6 19. Rhe1 c6 20. Bc4 d5 21. exd5
cxd5 22. Bxh6 Kf7 23. Be2 Rh8 24. Be3 d4 25. Bf4 Rad8 26. Nc4 dxc3+ 27. Kxc3
Nd5+ 28. Kc2 Bf5+ 29. Kc1 Nxf4 30. gxf4 Bc7 31. g3 Rh2 32. Ne3 Kg6 33. Nxf5
Kxf5 34. Kc2 Rxf2 35. Rad1 Rd4 36. Rxd4 cxd4 37. Kd3 Rg2 38. g4+ Kxf4 39. Kxd4
Be5+ 40. Kd5 Bxb2 41. Rf1+ Kg5 42. Bd1 a3 43. Rf5+ Kh4 44. Ke4 g6 45. Ra5 Rd2
46. Bf3 Kg3 47. Ke3 Bc1 48. Ke4 Rxa2 49. Ra6 f5+ 0-1